Statistiques concernant Poisson ou Poison ?

Cliquez ici pour prendre le quiz!

Statistiques générales

  • Ce quiz a été pris 801 fois
  • Le résultat moyen est 12 sur 15

Statistiques - réponses

QuestionRéponse% Correct
AnguillePoisson
99%
DoradePoisson
95%
CyanurePoison
93%
MercurePoison
93%
ArsenicPoison
93%
VXPoison
92%
ÉperlanPoisson
92%
LottePoisson
92%
AnthraxPoison
89%
FlétanPoisson
85%
DormellePoisson
85%
BelladonnaPoison
46%
BonitePoisson
46%
OpahPoisson
36%
XiphoPoisson
28%

Distribution des résultats

Percentile par nombre de réponses

% des personnes avec chaque résultat

Votre développement - résultats

Vous n’avez pas pris ce quiz